Les buteurs du Barça en Ligue des Champions (depuis 2010) - Statistiques

Statistiques générales
  • Ce quiz a été pris 4 178 fois
  • Le résultat moyen est 17 sur 36
Statistiques - réponses
Joueurs Buts % Correct
Lionel Messi 93
100%
Luis Suarez 25
99%
Neymar 21
98%
Andres Iniesta 6
95%
Xavi 5
93%
Gerard Pique 10
90%
Sergio Busquets 2
83%
Jordi Alba 3
81%
Daniel Alves 5
76%
Ousmane Dembele 7
75%
Ivan Rakitic 6
71%
Pedro 11
71%
David Villa 8
70%
Antoine Griezmann 4
62%
Pedri 1
61%
Sergi Roberto 3
55%
Ansu Fati 2
49%
Philippe Coutinho 4
49%
Alexis Sanchez 3
43%
Clement Lenglet 1
35%
Rafinha Alcantara 1
29%
Cesc Fabregas 3
25%
Martin Braithwaite 3
21%
Arda Turan 4
19%
Sergino Dest 1
19%
Lucas Digne 1
16%
Paco Alcacer 1
15%
Seydou Keita 1
13%
Adriano Correia 1
12%
Cristian Tello 4
12%
Malcom 1
12%
Martin Montoya 1
5%
Carles Perez 1
4%
Sandro Ramirez 1
4%
Andreu Fontas 1
1%
Victor Vazquez 1
1%
Aucun quiz correspondant
Distribution des résultats
% des personnes avec chaque résultat
Percentile par nombre de réponses
Votre historique - résultats
Vous n’avez pas pris ce quiz